| 000 | 02142cam a22004574i 4500 | ||
|---|---|---|---|
| 003 | PE-LiUPU | ||
| 005 | 20250731173356.0 | ||
| 008 | 150706s2005 miu r 000 0 spa d | ||
| 020 | _a0877849439 | ||
| 035 | _a(Sirsi) i9780877849438 | ||
| 040 |
_aPE-LiUPU _bspa _cPE-LiUPU _erda |
||
| 049 | _aPRUA | ||
| 082 | 0 | 4 |
_a222.1107 _bL82 _221 |
| 100 | 1 |
_aLongman III, Tremper, _eautor. |
|
| 245 | 1 | 0 |
_aHow to read Genesis / _cTremper Longman III. |
| 264 | 1 |
_aDowners Grove, Ill : _bInterVarsity Press, _c2005. |
|
| 300 |
_a192 páginas ; _c21 centímetros |
||
| 336 |
_atext _2rdacontent |
||
| 337 |
_aunmediated _2rdamedia |
||
| 338 |
_avolume _2rdacarrier |
||
| 505 | 0 | _aReading Genesis with a Strategy -- Understanding the Book of "Beginnings" -- Reading Genesis as Literature -- Who Wrote Genesis? -- The Shape of the Book of Genesis -- Reading Genesis in Its Own World -- Myth or History? Genesis and the Enuma Elish -- Noah and Utnapishtim: Whose Flood Story Should We Trust? -- Abraham and Nuzi: Patriarchal Customs in Their Cultural Context -- Reading Genesis as God's Story -- The Primeval History: Genesis 1-11 -- The Patriarchal Narratives: Genesis 12-36 -- The Joseph Story: Genesis 37-50 -- Reading Genesis as Christians -- The Christological Difference. | |
| 526 | _aSEG42 | ||
| 526 | _aSEG41 | ||
| 526 | _aSEG40 | ||
| 526 | _aSEG39 | ||
| 526 | _aP94 | ||
| 526 | _aP87 | ||
| 526 | _aP86 | ||
| 526 | _aP85 | ||
| 526 | _aP77 | ||
| 526 | _aP76 | ||
| 526 | _aP35 | ||
| 541 | _g001-0000484; | ||
| 630 |
_aBiblia. _pA.T. _PG enesis _xCrítica e interpretación. |
||
| 910 |
_agl _bjv _clch _d20101122 |
||
| 942 |
_2ddc _cBOOK |
||
| 949 |
_a222.1107 L82 _wDEWEY _c1 _i62307 _lCCODEBUL1 _mBUL _p5.00 _r0 _sY _tBOOK _u2015-7-6 _xTEOLOGIA _PP35 _0COMPRA _o.STAFF. Colección Teología |
||
| 994 |
_aC0 _bPEPRU |
||
| 596 | _a1 | ||
| 999 |
_a222.1107 L82 _wDEWEY _c51370 _i62307 _d51370 _e2019-11-3 _f2021-11-9 _g5 _lCCODEBUL1 _mBUL _n3 _p5.00 _q4 _r0 _sY _tBOOK _u2015-7-6 _xTEOLOGIA _PP35 _0COMPRA _o.STAFF. Colección Teología |
||
| 980 |
_81 _gALBERTO SANCHEZ Responsable de Automatización |
||